000 00698nam a2200217Ii 4500
003 JO-AjNU
008 230606s9999||||xx |||||||||||||| ||und||
017 _a2001/9/1928
040 _aJO-AjNU
_beng
_erda
_cJO-AjNU
041 _aeng
050 1 4 _aPC2065 2002
100 3 _aAl-Kawaja,Steve تأليف/Shbetha,Wisam م.مشارك,
_eauthor
_95236
245 0 0 _aLes Hoteles,Le Tourism Et la francaise
250 _a1 ed
264 3 1 _aعمان: دار المسيرة للنشر والتوزيع، 2001
300 _a118p
336 _atext
_btxt
_2rdacontent
337 _aunmediated
_bn
_2rdamedia
338 _avolume
_bnc
_2rdacarrier
650 4 _aLes Hoteles,Le Tourism Et la francaise
_95237
999 _aE2706
_c2704
_d2704